Score 0/9 Timer 01:00
0 Plays Today
% Correct
Here Comes The Sun
96%
Love Me Do
94.4%
A Day in the Life
91.9%
Day Tripper
91%
While My Guitar Gently Weeps
87%
Michelle
83.8%
Something
80.2%
Within You Without You
69.2%
Tomorrow Never Knows
68.2%

Today's Daily Dose

Missing Word
Domicile Things

Word Ladder
Rock Bottom

Get the Picture
Cocktails

Remove Ads.
Support Sporcle.
Get the best of Sporcle when you Go Orange. This ad-free experience offers more features, more stats, and more fun while also helping to support Sporcle. Thank you for becoming a member.

You're not logged in!

Compare scores with friends on all Sporcle quizzes.
OR
Log In

Sporcle TV

Today on Sporcle TV


Watch our educational content, quiz creation guides, and fun videos on Sporcle TV.

Show Comments

Extras

Top Quizzes Today


Score Distribution

Paid Content

Your Account Isn't Verified!

In order to create a playlist on Sporcle, you need to verify the email address you used during registration. Go to your Sporcle Settings to finish the process.

Report this User

Report this user for behavior that violates our Community Guidelines.

Details: